00613nam a2200193Ia 4500008004100000020000700041082001600048100002400064245001300088250000800101260003600109300003100145500001900176600002100195650005000216942000700266952012900273999001700402240925s9999 xx 000 0 und d aNA a005.133 KAN aKanetkar, Yashavant 0aLet Us C a9th aNew Delhi:bBPB PublicationcNA axxiii,1016p.bNAfOriginal aIncludes Index aComputer Science aComputer science, information & general works cBK 001040708CSaUITUbUITUd2012-04-25eFair Book Centerg225.00l0o005.133 KANpQ9243r2024-09-25 07:15:15w2024-09-25yBK c11742d11742